000 00476nam a2200181Ia 4500
008 240925s9999 xx 000 0 und d
020 _a8181477189
082 _a621.3827 DUT
100 _aDutta ,Achyut K.
245 0 _aWDM Technologies: optical Networks
250 _aNA
260 _aNew Delhi:
_bAcademic press
_c,2004.
300 _axvii,653p.
_bNA
_fPhotocopy
500 _aIncludes Index
600 _aElectronic Engineering
650 _aTechnology
942 _cBK
999 _c11813
_d11813